000 00295nam a22001337a 4500
005 20231009141302.0
008 231009b ||||| |||| 00| 0 eng d
040 _cAL
041 _aEnglish
082 _223
100 _aHarrison E J
_9136737
245 _aManual of Karate
942 _2ddc
_cBK
999 _c228934
_d228934